000
00225 a2200097 4500
001
46003
100
_a
Littawer, V
245
_a
Common sense Horsemanship
260
_a
Toronto
_b
D Van Nostrand & Co
_c
090
_c
29128
_d
29128
942
_a
NUST-CAE
_c
M
_c
21256
999
_c
281076
_d
281076